000 01556cam a22004218a 4500
001 14444247
003 OSt
005 20150408114046.0
008 120623s2007 stk f b 001 0 eng
010 _a 2006049073
020 _a9780443102974
020 _a9780443102981
035 _a(DNLM)101281977
040 _aDNLM/DLC
_cDLC
042 _apcc
050 0 0 _b.A3 2007
060 1 0 _bH199a 2007
082 0 0 _a617.15 H D A
_222
100 1 _aHamblen, David L.
_916205
245 1 0 _aAdams's outline of fractures, including joint injuries.
246 3 0 _aOutline of fractures, including joint injuries
250 _a12th ed. /
_bDavid L. Hamblen, A. Hamish R.W. Simpson.
260 _aEdinburgh ;
_aNew York :
_bChurchill Livingstone Elsevier,
_c2007.
263 _a0702
300 _avi, 328 p. :
_bill. ;
_c22 cm.
500 _aRev. ed. of: Outline of fractures, including joint injuries / John Crawford Adams, David Hamblen. 11th ed. 1999.
504 _aIncludes bibliographical references and index.
650 4 _aFractures
_vOutlines, syllabi, etc.
_916212
650 4 _aJoints
_xWounds and injuries
_vOutlines, syllabi, etc.
_916213
650 4 _aFractures, Bone.
_916214
650 4 _aJoints
_xinjuries.
_916215
700 1 _aSimpson, A. Hamish R. W.
_916206
700 1 _aAdams, John Crawford.
_916208
700 1 _aAdams, John Crawford.
_tOutline of fractures, including joint injuries.
_916216
906 _a7
_bcbc
_corignew
_d1
_eocip
_f20
_gy-gencatlg
942 _2ddc
_cDVD
999 _c24246
_d258746